00569nam a2200169Ia 4500008004100000100001600041245007800057245005200135260003500187260000900222300002500231500000900256650002300265650002000288999001900308952007200327170224s9999 xx 000 0 und d aShuhua Zhou aIs the agenda set? State of agenda-setting research in China and Korea  cShuhua Zhou, Yeojin Kim, Yunjuan Luo & Fei Qiao bAsian Journal of Communication c2016 a26:6, Pages: 566-582 a2016 xCommunication Arts xMultimedia Arts c316228d316228 001040aCLbCLd2017-02-24l0r2017-02-24 00:00:00w2017-02-24ySE